000 00561nam a2200205Ia 4500
005 20250923150002.0
008 008 250917s9999 xx 000 0 eng d
037 _aTextual
040 _aDSWL
_beng
_cDSWL
041 _aeng
_2eng
084 _aYX;1-m7x, N96
_qDSWL
100 _aDickson, Morai
_9841006
245 2 _aA Chance to Serve Alec Dickson
_c by Morai Dickson
260 _aLondon
_bDennis & Dobson
_c1976
300 _a174 p.
365 _bGift
925 _gGift
942 _cTEXL
_hYX;1-m7x, N96
999 _c1458160
_d1458160